000
00326nam a2200157Ia 4500
100
_a
Shah/Sharanam
650
_a
Struts
942
_c
BK
366
_f
25
245
_a
Struts 2 with Hibernate 3 project
260
_b
SPD
_c
2009
082
_a
5.133
_b
SHAH
300
_a
926
546
_a
ENGLISH
_c
electronics
999
_c
24242
_d
24242